Śrī Braja maṇḍala parikramā

Saved in:  
Bibliographic Details
Main Author: Bhaktivedānta Nārāyaṇa 1921-2010 (Author)
Format: Print Book
Language:English
Subito Delivery Service: Order now.
Check availability: HBZ Gateway
Interlibrary Loan:Interlibrary Loan for the Fachinformationsdienste (Specialized Information Services in Germany)
Published: [Mathura, U.P., India] Gauḍiya Vedānta Publ. 2001
In:Year: 2001
Edition:1. ed.
Standardized Subjects / Keyword chains:B Vrindaban / Chaitanya / Pilgrimage
B Vrindaban / Chaitanya / Sanctuary

MARC

LEADER 00000cam a2200000 c 4500
001 1606363565
003 DE-627
005 20240309152431.0
007 tu
008 070702s2001 xx ||||| 00| ||eng c
020 |a 8186737200  |9 81-86737-20-0 
035 |a (DE-627)1606363565 
035 |a (DE-576)266171354 
035 |a (DE-599)BSZ266171354 
035 |a (IiNdDKA)150193-HBD 
040 |a DE-627  |b ger  |c DE-627  |e rakwb 
041 |a eng 
082 0 |a 294.535 095 42 
084 |a 6,24  |a 0  |2 ssgn 
100 0 |0 (DE-588)131979523  |0 (DE-627)516332287  |0 (DE-576)181460831  |4 aut  |a Bhaktivedānta Nārāyaṇa  |d 1921-2010 
109 |a Bhaktivedānta Nārāyaṇa 1921-2010  |a Srimad Bhaktivedanta Narayana Maharaja 1921-2010  |a Narayana Gosvami Maharaja 1921-2010  |a Nārāyaṇa, Bhaktivedānta 1921-2010  |a Narayana Maharaja 1921-2010  |a Maharaja, Narayana 1921-2010  |a Narayana Maharaja, Bhaktivedanta 1921-2010  |a Maharaja, Bhaktivedanta Narayana 1921-2010  |a Bhaktivedānta Nārāyaṇa Mahārāja 1921-2010  |a Bhaktivedānta Nārāyaṇa Mahārāja, Śrīmad 1921-2010  |a Nārāyaṇa, Śrīmad Bhaktivedānta 1921-2010 
191 |a 1 
245 1 0 |a Śrī Braja maṇḍala parikramā  |c by Bhaktivedānta Nārāyaṇa 
250 |a 1. ed. 
264 1 |a [Mathura, U.P., India]  |b Gauḍiya Vedānta Publ.  |c 2001 
300 |a XVII, 525 S.  |b Ill., Kt.  |c 19 cm 
336 |a Text  |b txt  |2 rdacontent 
337 |a ohne Hilfsmittel zu benutzen  |b n  |2 rdamedia 
338 |a Band  |b nc  |2 rdacarrier 
500 |a Translated from Hindi - Includes index - Includes passages in Sanskrit (roman); with English translation 
583 1 |a Archivierung prüfen  |c 20200919  |f DE-640  |z 1  |2 pdager 
583 1 |a Archivierung/Langzeitarchivierung gewährleistet  |f SSG  |x XA-DE-BW  |2 pdager  |5 DE-16-77 
689 0 0 |d g  |0 (DE-588)4268070-0  |0 (DE-627)10439837X  |0 (DE-576)21065404X  |2 gnd  |a Vrindaban 
689 0 1 |d s  |0 (DE-588)4772154-6  |0 (DE-627)382413075  |0 (DE-576)216241634  |2 gnd  |a Gauḍiya-Vishnuismus 
689 0 2 |d s  |0 (DE-588)4064460-1  |0 (DE-627)104522860  |0 (DE-576)209153628  |2 gnd  |a Wallfahrt 
689 0 |5 (DE-627) 
689 1 0 |d g  |0 (DE-588)4268070-0  |0 (DE-627)10439837X  |0 (DE-576)21065404X  |2 gnd  |a Vrindaban 
689 1 1 |d s  |0 (DE-588)4772154-6  |0 (DE-627)382413075  |0 (DE-576)216241634  |2 gnd  |a Gauḍiya-Vishnuismus 
689 1 2 |d s  |0 (DE-588)4072395-1  |0 (DE-627)104493674  |0 (DE-576)209186887  |2 gnd  |a Heiligtum 
689 1 |5 (DE-627) 
935 |a mteo 
951 |a BO 
ELC |b 1 
LOK |0 000 xxxxxcx a22 zn 4500 
LOK |0 001 4426892759 
LOK |0 003 DE-627 
LOK |0 004 1606363565 
LOK |0 005 20231218173748 
LOK |0 008 231205||||||||||||||||ger||||||| 
LOK |0 040   |a DE-Tue135  |c DE-627  |d DE-Tue135 
LOK |0 092   |o n 
LOK |0 852   |a DE-Tue135 
LOK |0 852 1  |9 00 
LOK |0 935   |a hdsa 
LOK |0 939   |a 05-12-23  |b l01 
ORI |a SA-MARC-ixtheoa001.raw 
REL |a 1 
STA 0 0 |a Chaitanya,Pilgrimage,Pilgrimage,Place of pilgrimage,Pilgrimage place,Pilgrims and pilgrimages in art,Sanctuary,Sanctuary,Holy place,Place of worship,Holy area,Sacred space,Vrindaban 
STB 0 0 |a Pèlerinage,Pèlerinage,Sanctuaire,Sanctuaire,Lieux sacrés,Vishnouisme gaudiya,Vrindaban 
STC 0 0 |a Peregrinación,Peregrinación,Santuario,Santuario,Lugares sagrados,Vishnuísmo gaudiya,Vrindaban 
STD 0 0 |a Pellegrinaggio,Pellegrinaggio,Sacrario,Sacrario,Luoghi sacri,Visnuismo gaudiya,Vrindaban 
STE 0 0 |a 圣地,圣地,圣迹,圣迹,朝圣,朝圣,朝圣之旅,朝圣之旅 
STF 0 0 |a 朝聖,朝聖,朝聖之旅,朝聖之旅,聖地,聖地,聖跡,聖跡 
STG 0 0 |a Peregrinação,Peregrinação,Romaria (Motivo),Romaria,Santuário,Santuário,Vishnuísmo gaudiya,Vrindaban 
STH 0 0 |a Вриндавана (мотив),Гаудия-вайшнавизм,Паломничество (мотив),Паломничество,Святилище (мотив),Храм,Святилище 
STI 0 0 |a Vrindaban <μοτίβο>,Βρινταμπάν (μοτίβο),Βαϊσναβισμός Τσαϊτάνια,Βισνουισμός Τσαϊτάνια,Ιερό <μοτίβο>,Ιερό,Αγιαστήριο,Αγιαστήριο (μοτίβο),Προσκύνημα (μοτίβο),Προσκύνημα 
SUB |a REL 
SYG 0 0 |a Vrindavan,Brindāvan,Vraja,Braja,Brindaban,Vṛndāvana , Pilgerfahrt,Pilgerfahrt,Pilgerreise,Wallfahrtsort,Wallfahrten,Pilgerfahrt,Pilgerreise,Wallfahrtsort,Wallfahrten , Vrindavan,Brindāvan,Vraja,Braja,Brindaban,Vṛndāvana , Heilige Stätte,Heiliger Bezirk,Heiliger Ort,Heiliger Raum,Heiligtümer,Heilige Stätten